000 00867nam a2200241 i 4500
001 55644
003 ES-MaACL
005 20250831023854.0
007 t|
008 030924m19661967sp ||||1| spa d
100 1 _aDesqueyrat, A.
_943931
245 1 0 _aDoctrina política de la Iglesia /
_cA. Desqueyrat ; traducción y adaptación de Enrique Melón Martínez.
260 _aBilbao :
_bDesclée de Brouwer,
_c1966-67.
300 _a2 v. ;
_c22 cm.
490 1 _aColeccion Veritas et Justitia
505 8 _aContiene: T. I: El Estado. -- T. II: La Iglesia y el Estado / Desqueyrat y Halbecq
650 0 7 _aEstado
_2embne
_912523
650 0 7 _aIglesia y Estado
_2embne
_913554
700 1 _aMelón Martínez, Enrique.
_980022
830 0 _aColeccion Veritas et Justitia
_9184576
852 _aES-MaACL
_jG-4134-35
_bR.58334
999 _c55644
_d55644